Parroquias, archivos y cofradías de Villalpando (Record no. 46398)
[ view plain ]
| 000 -LEADER | |
|---|---|
| campo de control de longitud fija | 01745nam a2200349 i 4500 |
| 001 - NÚMERO DE CONTROL | |
| campo de control | 46398 |
| 003 - IDENTIFICADOR DE NÚMERO DE CONTROL | |
| campo de control | ES-MaACL |
| 005 - FECHA Y HORA DE LA ÚLTIMA TRANSACCIÓN | |
| campo de control | 20250728062601.0 |
| 007 - CAMPO FIJO DE DESCRIPCIÓN FÍSICA--INFORMACIÓN GENERAL | |
| campo de control de longitud fija | t| |
| 008 - DATOS DE LONGITUD FIJA--INFORMACIÓN GENERAL | |
| campo de control de longitud fija | 150120s2003 sp ||||1| spa d |
| 020 ## - NÚMERO INTERNACIONAL ESTÁNDAR DEL LIBRO | |
| Número Internacional Estándar del Libro | 84-920047-8-9 |
| 080 ## - NÚMERO DE LA CLASIFICACIÓN DECIMAL UNIVERSAL | |
| Número de la Clasificación Decimal Universal | 262.2(460.184 Villalpando)(091) |
| 080 ## - NÚMERO DE LA CLASIFICACIÓN DECIMAL UNIVERSAL | |
| Número de la Clasificación Decimal Universal | 255(460.184 Villalpando)(091) |
| 080 ## - NÚMERO DE LA CLASIFICACIÓN DECIMAL UNIVERSAL | |
| Número de la Clasificación Decimal Universal | 27(460.184 Villalpando) |
| 080 ## - NÚMERO DE LA CLASIFICACIÓN DECIMAL UNIVERSAL | |
| Número de la Clasificación Decimal Universal | 726.54(460.184 Villalpando)(091) |
| 100 1# - ENTRADA PRINCIPAL--NOMBRE DE PERSONA | |
| Nombre de persona | Calvo Lozano, Luis. |
| 9 (RLIN) | 156139 |
| 245 10 - MENCIÓN DEL TÍTULO | |
| Título | Parroquias, archivos y cofradías de Villalpando |
| Resto del título | : del manuscrito inédito "Relación general y particular de las parroquias de Villalpando" recopilado en el año 1920 por el historiador y párroco de esta villa Luis Calvo Lozano, ordenado, trascrito y ampliado por su sobrino-nieto Pablo Román Allende con la colaboración y supervisión de A. Tomás Osorio Burón. |
| 260 ## - PUBLICACIÓN, DISTRIBUCIÓN, ETC. | |
| Lugar de publicación, distribución, etc. | Benavente [Zamora] : |
| Nombre del editor, distribuidor, etc. | Centro de Estudios Benaventanos "Ledo del Pozo", |
| Fecha de publicación, distribución, etc. | 2003. |
| 300 ## - DESCRIPCIÓN FÍSICA | |
| Extensión | 476 p. ; |
| Dimensiones | 25 cm. |
| 490 1# - MENCIÓN DE SERIE | |
| Mención de serie | Monografías (Centro de Estudios Benaventanos "Ledo del Pozo") ; |
| Designación de volumen o secuencia | 7 |
| 650 #4 - PUNTO DE ACCESO ADICIONAL DE MATERIA--TÉRMINO DE MATERIA | |
| Término de materia o nombre geográfico como elemento de entrada | Parroquias- |
| Subdivisión geográfica | Villalpando- |
| Subdivisión de forma | Historia. |
| 9 (RLIN) | 156134 |
| 650 #4 - PUNTO DE ACCESO ADICIONAL DE MATERIA--TÉRMINO DE MATERIA | |
| Término de materia o nombre geográfico como elemento de entrada | Cofradías- |
| Subdivisión geográfica | Villalpando- |
| Subdivisión de forma | Historia. |
| 9 (RLIN) | 156135 |
| 651 #4 - PUNTO DE ACCESO ADICIONAL DE MATERIA--NOMBRE GEOGRÁFICO | |
| Nombre geográfico | Villalpando- |
| Subdivisión general | Historia eclesiástica. |
| 9 (RLIN) | 156136 |
| 700 1# - ENTRADA AGREGADA--NOMBRE PERSONAL | |
| Nombre de persona | Román Allende, Pablo. |
| 9 (RLIN) | 156137 |
| 700 1# - ENTRADA AGREGADA--NOMBRE PERSONAL | |
| Nombre de persona | Osorio Burón, A. Tomás. |
| 9 (RLIN) | 156138 |
| 710 2# - ENTRADA AGREGADA--NOMBRE DE ENTIDAD CORPORATIVA | |
| Nombre de entidad corporativa o nombre de jurisdicción como elemento de entrada | Centro de Estudios Benaventanos "Ledo del Pozo" |
| 9 (RLIN) | 144530 |
| 830 00 - PUNTO DE ACCESO ADICIONAL DE SERIE-TÍTULO UNIFORME | |
| Título uniforme | Monografías (Centro de Estudios Benaventanos "Ledo del Pozo") |
| Designación de volumen o secuencia | 7 |
| 9 (RLIN) | 177262 |
| 852 ## - LOCALIZACIÓN | |
| Ubicación | ES-MaACL |
| Número de control de estantería | N-6318 |
| itemnumber | 48124 |
| Sublocalización o colección | R.150317 |
| Ubicación en estantería | Depósito 1 |
| Signatura antigua | Olim: N-6318 |
| Donativo/Legado | Donación: Centro de Estudios Benaventanos |
| 914 ## - NOMBRE ENTIDAD DE DONANTE | |
| RLIN | 144530 |
| Nombre de congreso/reunión o jurisdicción como elemento de entrada | Centro de Estudios Benaventanos "Ledo del Pozo" |
| Unidad subordinada | Donante |
| 942 ## - ELEMENTOS DE ENTRADA SECUNDARIOS (KOHA) | |
| Fuente del sistema de clasificación o colocación | Clasificación decimal universal |
| Tipo de ítem Koha | Libro impreso |
| Estatus retirado | Estado de pérdida | Fuente del sistema de clasificación o colocación | Estado de daño | No para préstamo | Biblioteca de origen | Biblioteca actual | Ubicación en estantería | Fecha de adquisición | Fuente de adquisición | Total de préstamos | Signatura topográfica completa | Código de barras | Visto por última vez | Precio de reemplazo | Tipo de ítem Koha |
|---|---|---|---|---|---|---|---|---|---|---|---|---|---|---|---|
| Clasificación decimal universal | Biblioteca del Ateneo de Madrid | Biblioteca del Ateneo de Madrid | Depósito 1 | 17/01/2008 | Donación | A-13318 | 1048798 | 23/02/2023 | 23/02/2023 | Libro impreso |
